| 000 | 01563cam a2200349Ii 4500 | ||
|---|---|---|---|
| 999 |
_c27179 _d27179 |
||
| 006 | a|||||r|||| 00| 0 | ||
| 007 | ta | ||
| 008 | 180706s2018 enk od 000 0 eng d | ||
| 020 |
_a9780203701003 _q(e-book : PDF) |
||
| 020 |
_a9781351329378 _q(e-book: Mobi) |
||
| 020 | _q(paperback) | ||
| 040 |
_aFlBoTFG _erda |
||
| 041 | 0 |
_aeng _afre |
|
| 082 | 0 | 4 |
_a387.503 _bB864 |
| 100 | 1 |
_aBrodie, Peter R., _d1947- |
|
| 245 | 1 | 0 |
_aDictionary of shipping terms : _bFrench-English and English-French = Dictionnaire du transport maritime : français-anglais et anglais-français / _cCompiled by Peter Brodie. |
| 246 | 3 | 1 | _aDictionnaire du transport maritime : français-anglais et anglais-français |
| 250 | _aSecond edition. | ||
| 260 |
_aLondon _bTaylor & Francis Group _c2018 |
||
| 300 | _a1 online resource (vii, 218 pages) | ||
| 505 | 0 | 0 | _achapter INTRODUCTION -- The aim in compiling this dictionary has been to provide a reference book for: shipowners ship operators shipping lines charterers -- chapter ABBREVIATIONS -- chapter FRENCH–ENGLISH -- chapter ENGLISH–FRENCH. |
| 546 | _aText in English and French. | ||
| 650 | 0 |
_aEnglish language _vDictionaries _xFrench. |
|
| 650 | 0 |
_aFrench language _vDictionaries _xEnglish. |
|
| 650 | 0 |
_aMaritime law _vDictionaries _xFrench. |
|
| 650 | 0 |
_aMaritime law _vDictionaries. |
|
| 650 | 0 |
_aShipping _vDictionaries _xFrench. |
|
| 650 | 0 |
_aShipping _vDictionaries. |
|
| 776 | 0 | 8 |
_iPrint version: _z9781138574496 |
| 856 | 4 | 0 |
_uhttps://www.taylorfrancis.com/books/9780203701003 _zClick here to view. |
| 942 | _cEBK | ||